MARC details
| 000 -LEADER |
| campo de control de longitud fija |
02218nam a2200433 i 4500 |
| 001 - NÚMERO DE CONTROL |
| campo de control |
162821 |
| 003 - IDENTIFICADOR DE NÚMERO DE CONTROL |
| campo de control |
ES-MaACL |
| 005 - FECHA Y HORA DE LA ÚLTIMA TRANSACCIÓN |
| campo de control |
20250812063128.0 |
| 008 - DATOS DE LONGITUD FIJA--INFORMACIÓN GENERAL |
| campo de control de longitud fija |
050705m18851886fr fec |||| | fre d |
| 040 ## - FUENTE DE CATALOGACIÓN |
| Centro catalogador/agencia de origen |
CAM |
| Lengua de catalogación |
spa |
| Centro/agencia transcriptor |
CAM |
| 080 ## - NÚMERO DE LA CLASIFICACIÓN DECIMAL UNIVERSAL |
| Número de la Clasificación Decimal Universal |
904:7.031.2(364) |
| 080 ## - NÚMERO DE LA CLASIFICACIÓN DECIMAL UNIVERSAL |
| Número de la Clasificación Decimal Universal |
904:7.032(37) |
| 080 ## - NÚMERO DE LA CLASIFICACIÓN DECIMAL UNIVERSAL |
| Número de la Clasificación Decimal Universal |
904(44):7.031.2(364) |
| 080 ## - NÚMERO DE LA CLASIFICACIÓN DECIMAL UNIVERSAL |
| Número de la Clasificación Decimal Universal |
904:7.033 |
| 080 ## - NÚMERO DE LA CLASIFICACIÓN DECIMAL UNIVERSAL |
| Número de la Clasificación Decimal Universal |
929 Quicherat, Jules-Étienne |
| 100 1# - ENTRADA PRINCIPAL--NOMBRE DE PERSONA |
| Nombre de persona |
Quicherat, Jules-Étienne, |
| Fechas asociadas al nombre |
1814-1882 |
| Término indicativo de función/relación |
Autor |
| 9 (RLIN) |
131518 |
| 245 10 - MENCIÓN DEL TÍTULO |
| Título |
Mélanges d'archéologie et d'histoire / |
| Mención de responsabilidad, etc. |
Jules Quicherat |
| 260 ## - PUBLICACIÓN, DISTRIBUCIÓN, ETC. |
| Lugar de publicación, distribución, etc. |
Paris : |
| Nombre del editor, distribuidor, etc. |
Alphonse Picard, |
| Fecha de publicación, distribución, etc. |
1885-1886 |
| 300 ## - DESCRIPCIÓN FÍSICA |
| Extensión |
580 páginas, VIII hojas de láminas ; |
| Dimensiones |
25 cm |
| 500 ## - NOTA GENERAL |
| Nota general |
Índice |
| 505 0# - NOTA DE CONTENIDO CON FORMATO |
| Nota de contenido con formato |
Vol. I. Antiquités celtiques, romaines et gallo-romaines, mémoires et fragments, réunis et mis en ordre par Arthur Giry et Auguste Castan; précédés d'une notice sur la vie et les travaux de J. Quicherat, par Robert de Lasteyrie, et d'une bibliographie de ses oeuvres - v. II. Archéologie du Moyen Âge, mémoires et fragments, réunis par Robert de Lasteyrie |
| 530 ## - NOTA DISPONIBLE DE FORMULARIO FÍSICO ADICIONAL |
| Nota de formato físico adicional disponible |
Disponible en formato digital |
| 597 ## - NOTA DE DESCRIPCIÓN FÍSICA |
| NOTA DE DESCRIPCIÓN FÍSICA |
Vol. I (VIII, 580 p., VIII h. de lám., [1] h. de lám.) -- vol. II (XIV, 514 p., XI h. de lám.) |
| 599 ## - NOTA A LAS ILUSTRACIONES |
| NOTA A LAS ILUSTRACIONES |
La [h.] de lám., lit. , retrato del autor: "Tony Toullion pinx, Heliogr. Dujardin" |
| 599 ## - NOTA A LAS ILUSTRACIONES |
| NOTA A LAS ILUSTRACIONES |
Las h. de lám., reproducciones de piezas arqueológicas. |
| 600 14 - PUNTO DE ACCESO ADICIONAL DE MATERIA--NOMBRE DE PERSONA |
| Nombre de persona |
Quicherat, Jules-Étienne, |
| Fechas asociadas al nombre |
1814-1882 |
| 9 (RLIN) |
131518 |
| 650 #7 - PUNTO DE ACCESO ADICIONAL DE MATERIA--TÉRMINO DE MATERIA |
| Término de materia o nombre geográfico como elemento de entrada |
Restos arqueológicos celtas |
| Fuente del encabezamiento o término |
embne |
| 9 (RLIN) |
241700 |
| 650 #7 - PUNTO DE ACCESO ADICIONAL DE MATERIA--TÉRMINO DE MATERIA |
| Término de materia o nombre geográfico como elemento de entrada |
Restos arqueológicos romanos |
| Fuente del encabezamiento o término |
embne |
| 9 (RLIN) |
169922 |
| 650 #7 - PUNTO DE ACCESO ADICIONAL DE MATERIA--TÉRMINO DE MATERIA |
| Término de materia o nombre geográfico como elemento de entrada |
Restos arqueológicos galos |
| Fuente del encabezamiento o término |
embne |
| 9 (RLIN) |
241701 |
| 650 #7 - PUNTO DE ACCESO ADICIONAL DE MATERIA--TÉRMINO DE MATERIA |
| Término de materia o nombre geográfico como elemento de entrada |
Arqueología medieval |
| Fuente del encabezamiento o término |
embne |
| 9 (RLIN) |
9983 |
| 700 1# - ENTRADA AGREGADA--NOMBRE PERSONAL |
| Nombre de persona |
Giry, Arthur, |
| Fechas asociadas al nombre |
1848-1899 |
| Término indicativo de función/relación |
Autor |
| 9 (RLIN) |
57314 |
| 700 1# - ENTRADA AGREGADA--NOMBRE PERSONAL |
| Nombre de persona |
Castan, Auguste, |
| Fechas asociadas al nombre |
1833-1892 |
| Término indicativo de función/relación |
Autor |
| 9 (RLIN) |
126377 |
| 700 1# - ENTRADA AGREGADA--NOMBRE PERSONAL |
| Nombre de persona |
Lasteyrie Du Saillant, Robert-Charles, |
| Títulos y otros términos asociados al nombre |
Conde de, |
| Fechas asociadas al nombre |
1849-1921 |
| Término indicativo de función/relación |
Autor |
| 9 (RLIN) |
128727 |
| 852 4# - LOCALIZACIÓN |
| Ubicación |
ES-MaACL |
| Número de control de estantería |
F-8536 |
| Designación de la unidad física |
Sólo v. 1 |
| Encuadernación |
Rúst. muy deteriorada |
| Nota libre |
La obra consta de 2 v. |
| 856 4# - LOCALIZACIÓN Y ACCESO ELECTRÓNICOS |
| Identificador Uniforme de Recursos |
<a href="https://gallica.bnf.fr/ark:/12148/bpt6k14130982">https://gallica.bnf.fr/ark:/12148/bpt6k14130982</a> |
| Texto de enlace |
Versión en línea: 2 v. |
| Nota pública |
(Gallica. Bibliothèque nationale de France) |
| 942 ## - ELEMENTOS DE ENTRADA SECUNDARIOS (KOHA) |
| Fuente del sistema de clasificación o colocación |
Clasificación decimal universal |
| Tipo de ítem Koha |
Libro impreso antiguo |
| Suprimir en OPAC |
No |